000 00854nam a2200253Ia 4500
003 OSt
005 20220923211938.0
006 a|||||r|||| 00| 0
007 ta
008 220922b |||||||| |||| 00| 0 san d
024 _a74,501
037 _cTextual
040 _aARTS
_cARTS
_bsan
041 _2san
_asan
082 _aR641x7,1, 15L7
100 _aमिश्र, पार्थसारथि; किशोरदास, सम्प
_9161733
245 0 _aशास्त्र दीपिका
246 _aShāstra dīpikā
260 _aवाराणसी
_b साधुबेला
_c1977
300 _a342पृ.
_ccm.
500 _aGlossary 341-42p
942 _hR641x7,1, 15L7
_cTEXL
_2CC
999 _c304751
_d304751